Biggest Cities in Lithuania - Statistics

General Stats
  • This quiz has been taken 340 times
  • The average score is 7 of 10
Answer Stats
Metro area City proper Answer % Correct
807,607 539,939 Vilnius
100%
583,058 304,097 Kaunas
95%
329,146 157,350 Klaipėda
90%
- 105,653 Šiauliai
78%
- 96,345 Panevėžys
72%
- 56,364 Alytus
66%
- 39,542 Marijampolė
58%
- 28,391 Utena
55%
- 36,278 Mažeikiai
40%
- 34,056 Jonava
37%
No matching quizzes found
Score Distribution
Percent of People with Each Score
Percentile by Number Answered
Your Score History
You have not taken this quiz